Fr. Conceicao Rodrigues College of Engineering

Fields and Waves in Communications Electronics (Record no. 32994)

MARC details
000 -LEADER
fixed length control field 00339nam a2200157Ia 4500
082 ## - DEWEY DECIMAL CLASSIFICATION NUMBER
Classification number 537
Item number RAM
100 ## - MAIN ENTRY--PERSONAL NAME
Personal name Ramo Simon
250 ## - EDITION STATEMENT
Edition statement 3
245 ## - TITLE STATEMENT
Title Fields and Waves in Communications Electronics
260 ## - PUBLICATION, DISTRIBUTION, ETC.
Name of publisher, distributor, etc. Wiley
Place of publication, distribution, etc. New york
Date of publication, distribution, etc. 1994
300 ## - PHYSICAL DESCRIPTION
Extent 844
546 ## - LANGUAGE NOTE
Language note ENGLISH
654 ## - SUBJECT ADDED ENTRY--FACETED TOPICAL TERMS
Focus term Electronics
942 ## - ADDED ENTRY ELEMENTS (KOHA)
Koha item type BOOK
Holdings
Withdrawn status Lost status Damaged status Not for loan Collection Home library Current library Date acquired Total Checkouts Full call number Barcode Date last seen Price effective from Koha item type
        CRC Fr. Agnel's C.Rodrigues College of Engineering AGNEL TECHNICAL COLLEGE LIBRARY 17/03/2023   537 RAM 10321 27/11/2025 17/03/2023 BOOK